Governance in private-public spaces (Record no. 79637)
[ view plain ]
| 000 -LEADER | |
|---|---|
| fixed length control field | 01080cab a22002055a 4500 |
| 001 - CONTROL NUMBER | |
| control field | L141874 |
| 008 - FIXED-LENGTH DATA ELEMENTS--GENERAL INFORMATION | |
| fixed length control field | 080104s2007 xxk f 000 0 eng d |
| 035 ## - SYSTEM CONTROL NUMBER | |
| System control number | (Sirsi) u141874 |
| 041 0# - LANGUAGE CODE | |
| Language code of text/sound track or separate title | eng |
| 100 1# - MAIN ENTRY--PERSONAL NAME | |
| Personal name | Imrie, Rob |
| 245 00 - TITLE STATEMENT | |
| Title | Governance in private-public spaces |
| 260 ## - PUBLICATION, DISTRIBUTION, ETC. | |
| Date of publication, distribution, etc. | 2007 |
| 490 ## - SERIES STATEMENT | |
| Series statement | Town & Country Planning |
| Volume/sequential designation | 76(12) December 2007, 448-450(3) |
| 520 ## - SUMMARY, ETC. | |
| Summary, etc. | Considers the RICS report "The privatisation of public space" (L132951) and its claim that there is a growing privatisation of the public realm. Reports initial findings of a new study which examines differences between the approach of the UK and Japan toward the maintenance of privatised public spaces. Looks specifically at the Canary Wharf development in London and Minato Mirai 21 in Japan. The former is constructed, owned and managed by one company, while the latter has a devolved governance structure involving partnerships and a fragmented pattern of land ownership. |
| 590 ## - LOCAL NOTE (RLIN) | |
| Local note | KA |
| 651 #4 - SUBJECT ADDED ENTRY--GEOGRAPHIC NAME | |
| Geographic name | International |
| 690 ## - LOCAL SUBJECT ADDED ENTRY--TOPICAL TERM (OCLC, RLIN) | |
| Topical term or geographic name as entry element | Block management |
| 9 (RLIN) | 6220 |
| 700 1# - ADDED ENTRY--PERSONAL NAME | |
| Personal name | Sakai, Aya |
| 942 ## - ADDED ENTRY ELEMENTS (KOHA) | |
| Suppress in OPAC | 0 |
| Withdrawn status | Lost status | Source of classification or shelving scheme | Damaged status | Not for loan | Home library | Current library | Shelving location | Date acquired | Total Checkouts | Full call number | Barcode | Date last seen | Copy number | Price effective from | Koha item type |
|---|---|---|---|---|---|---|---|---|---|---|---|---|---|---|---|
| Dewey Decimal Classification | London | London | Journal article | 04/01/2008 | L141874 | 141874-1001 | 06/08/2019 | 1 | 06/08/2019 | Journal article |